Preparing for the clean up (Record no. 75076)
[ view plain ]
| 000 -LEADER | |
|---|---|
| fixed length control field | 00932cab a2200193 4500 |
| 001 - CONTROL NUMBER | |
| control field | L129341 |
| 008 - FIXED-LENGTH DATA ELEMENTS--GENERAL INFORMATION | |
| fixed length control field | 050413n2005 000 0 eng u |
| 035 ## - SYSTEM CONTROL NUMBER | |
| System control number | (Sirsi) u129341 |
| 041 ## - LANGUAGE CODE | |
| Language code of text/sound track or separate title | eng |
| 100 ## - MAIN ENTRY--PERSONAL NAME | |
| Personal name | Hansford, Mark |
| 245 ## - TITLE STATEMENT | |
| Title | Preparing for the clean up |
| 260 ## - PUBLICATION, DISTRIBUTION, ETC. | |
| Date of publication, distribution, etc. | 2005 |
| 490 ## - SERIES STATEMENT | |
| Series statement | New Civil Engineer |
| Volume/sequential designation | 24 March 2005, 18-22(4) |
| 520 ## - SUMMARY, ETC. | |
| Summary, etc. | Describes the formation of the Nuclear Decommissioning Authority (NDA) which has just assumed ownership of all British Nuclear Fuel (BNFL) and UK Atomic Energy Authority (UKAEA) sites. Clean up projects will dominate the £50bn budget the NDA has to spend over the next 40 years in this first nationally unified approach to decommissioning. The BNFL and UKAEA will continue to run the sites on a day to day basis until the site management licenses are put out to tender. |
| 590 ## - LOCAL NOTE (RLIN) | |
| Local note | IKA150405 |
| 690 ## - LOCAL SUBJECT ADDED ENTRY--TOPICAL TERM (OCLC, RLIN) | |
| Topical term or geographic name as entry element | Procurement |
| 9 (RLIN) | 6260 |
| 700 ## - ADDED ENTRY--PERSONAL NAME | |
| Personal name | Mylius, Andrew |
| 942 ## - ADDED ENTRY ELEMENTS (KOHA) | |
| Suppress in OPAC | 0 |
| Withdrawn status | Lost status | Source of classification or shelving scheme | Damaged status | Not for loan | Home library | Current library | Shelving location | Date acquired | Total Checkouts | Full call number | Barcode | Date last seen | Copy number | Price effective from | Koha item type |
|---|---|---|---|---|---|---|---|---|---|---|---|---|---|---|---|
| Dewey Decimal Classification | London | London | Journal article | 13/04/2005 | L129341 | 129341-1001 | 06/08/2019 | 1 | 06/08/2019 | Journal article |